000 01745cam a2200133 4500500
005 20251214005342.0
041 _afre
042 _adc
100 1 0 _aVerdrager, Pierre
_eauthor
245 0 0 _aLe grand renversement : Pédocriminalité : comment en est-on arrivé là ?
260 _bArmand Colin,
_c2021.
520 _aOn ne se souvient généralement pas que la pédophilie a été considérée comme une cause défendable voici seulement une cinquantaine d’années. Au nom du processus de libération des mœurs, de grands intellectuels, de grands éditeurs, de grandsbjournaux, à gauche mais aussi à droite, homosexuels comme hétérosexuels, l’ont défendue de façon passionnée. Certes, une telle position faisait débat. Mais certains étaient résolument convaincus que la lutte en faveur de la pédophilie était un combat politique qui valait la peine d’être mené.Ce livre se replonge dans les controverses de l’époque et passe à la loupe les arguments des différents protagonistes. L’auteur observe ensuite comment ces controverses s’arrêtent, la défense de la pédophilie devenant peu à peu impossible. Mais c’est en 2020, avec la publication du Consentement de Vanessa Springora, que la question pédophile subit sa dernière métamorphose. Dans le sillage du mouvement #metoo, le livre connaît un retentissement mondial et paraît faire passer la France à une ère nouvelle : celle où l’on sait prendre la parole des victimes au sérieux.Cet ouvrage reprend les thèmes explorés dans L’enfant interdit et se veut un condensé de ce texte rendu accessible pour le grand public
856 4 1 _uhttps://shs.cairn.info/le-grand-renversement--9782200629953?lang=fr&redirect-ssocas=7080
999 _c1568793
_d1568793